Human Agency and Language Tomo I : (Record no. 57061)

MARC details
000 -LEADER
fixed length control field 00600nam a22001817a 4500
005 - DATE AND TIME OF LATEST TRANSACTION
control field 20150124130718.0
008 - FIXED-LENGTH DATA ELEMENTS--GENERAL INFORMATION
fixed length control field 140610t usa||||| |||| 00| 0 eng d
020 ## - INTERNATIONAL STANDARD BOOK NUMBER
International Standard Book Number 0521317509
050 04 - LIBRARY OF CONGRESS CALL NUMBER
Classification number BF 38
Item number T39 1999
100 1# - MAIN ENTRY--PERSONAL NAME
Personal name Taylor, Charles
245 10 - TITLE STATEMENT
Title Human Agency and Language Tomo I :
Remainder of title Philosophical Papers /
Statement of responsibility, etc Charles Taylor,
250 ## - EDITION STATEMENT
Edition statement Primera Edición: 1999
260 ## - PUBLICATION, DISTRIBUTION, ETC. (IMPRINT)
Place of publication, distribution, etc United States of America :
Name of publisher, distributor, etc Cambridge University Press,
Date of publication, distribution, etc 1999.
300 ## - PHYSICAL DESCRIPTION
Extent 294 paginas,
Dimensions 23 X 16 centímetros,
504 ## - BIBLIOGRAPHY, ETC. NOTE
Bibliography, etc Incluye: Indice
650 #7 - SUBJECT ADDED ENTRY--TOPICAL TERM
Source of heading or term Lemb
Topical term or geographic name as entry element Filosofía
General subdivision Psicología
942 ## - ADDED ENTRY ELEMENTS (KOHA)
Source of classification or shelving scheme Clasificación Decimal Dewey
Koha item type Libro
Holdings
Estado de pérdida Fuente de clasificación Estado del daño No para préstamo Ubicación permanente Ubicación actual Apartado o colección Fecha de adquisición Fuente de adquisición Área del conocimiento Clasificación Código de Barras Date last seen Número de copia Tipo de recurso
  Biblioteca del Cogreso de los Estados Unidos     Biblioteca de la Facultad de Filosofía Biblioteca de la Facultad de Filosofía General 10/06/2014     BF 38 T39 1999 BFF000006866 16/01/2015 C: 1 Libro